Developmet of Timber Production, Export and Import in the Forest Sector in the Context of Globalization

Drevo ako základná surovina pre rozvoj významných priemyselných odvetví. Dôležitosť produkcie a obchodu s drevom. Zásoby drevnej hmoty na Slovensku. Analýza vzájomnej závislosti vývoja produkcie, exportu a importu dreva od celkového vývoja globalizácie v Slovenskej republike, na základe metód korela...

Descripción completa

Guardado en:
Detalles Bibliográficos
Autor principal: Mikler, Christian
Otros Autores: Hajdúchová, Iveta
Formato: Capítulo de libro
Lenguaje:eslovaco
Materias:
Etiquetas: Agregar Etiqueta
Sin Etiquetas, Sea el primero en etiquetar este registro!

MARC

LEADER 00000naa$a2200000$$$4500
001 0257128
005 20190718105238.7
041 0 |a slo 
044 |a SK 
245 1 0 |a Developmet of Timber Production, Export and Import in the Forest Sector in the Context of Globalization  |c Christian Mikler, Iveta Hajdúchová 
520 |a Drevo ako základná surovina pre rozvoj významných priemyselných odvetví. Dôležitosť produkcie a obchodu s drevom. Zásoby drevnej hmoty na Slovensku. Analýza vzájomnej závislosti vývoja produkcie, exportu a importu dreva od celkového vývoja globalizácie v Slovenskej republike, na základe metód korelačnej analýzy. Vplyv exportu a importu dreva na výkonnosť drevospracujúceho priemyslu. 
610 2 0 |a drevo 
610 2 0 |a priemysel drevársky 
610 2 0 |a produkcia 
610 2 0 |a vývoz 
610 2 0 |a dovoz 
610 2 0 |a hospodárstvo lesné 
610 2 0 |a obchod 
610 2 0 |a globalizácia 
610 2 0 |a odvetvia priemyselné 
610 2 0 |a analýza korelačná 
100 1 |a Mikler, Christian 
700 1 |a Hajdúchová, Iveta